000 01389nam0a2200373 4500
001 RU\NLR\bibl\1881438
005 20250616193852.0
010 _a978-5-904561-65-9
_93000
021 _aRU
_b2012-14380
_91078
035 _a(nilc)LIBNET\0000218734
035 _a(NLR Aleph) 001871206
090 _a2663856
_c2663856
100 _a20120315d2011 |||y0rusy50 ca
101 1 _arus
_chun
102 _aRU
105 _aa zzzz|||||
200 1 _aМудрый исправитель недостатков
_e[для младшего и среднего школьного возраста]
_fПал Бекеш
_gпер. с венг. Татьяны Воронкиной
_gил. Шайдика Ференца
210 _aМосква
_cКомпасГид
_d2011
215 _a135 с.
_cил.
_d22
225 1 _aСказочный компас
686 _a84(3)Венг-44
_vТаблицы для детских и школьных библиотек
_2rubbk
686 _aШ9(4Вн)60-4
686 _aШ9(4Вн)62-4
700 1 _aБекеш
_bП.
_f1956-2010
_gПал
_4070
702 1 _aФеренц
_bШ.
_gШайдик
_4440
801 0 _aRU
_bРГДБ
_c20120315
_grcr
801 1 _aRU
_bРГДБ
_c20120315
801 2 _aRU
_bNLR
_c20120319
_grcr
942 _cBOOK
980 _aNB
980 _aNBR